| 000 | 00648nam a2200253Ia 4500 | ||
|---|---|---|---|
| 003 | OSt | ||
| 005 | 20221007074838.0 | ||
| 006 | a|||||r|||| 00| 0 | ||
| 007 | ta | ||
| 008 | 221006b |||||||| |||| 00| 0 eng d | ||
| 024 | _a7,078 | ||
| 037 | _cReference Collections | ||
| 040 |
_aFLL _cFLL _beng |
||
| 041 |
_2eng _aeng |
||
| 082 | _a4:Z2.N57, M0.2 | ||
| 110 | _aGovt. of India | ||
| 245 | 0 | _aPress in India | |
| 260 |
_aNew Delhi _bAkashdeep pub. India _c1980 |
||
| 300 |
_a1900p _ccm. |
||
| 490 | _vV2 | ||
| 700 | _aGovt. of India | ||
| 942 |
_h4:Z2.N57, M0.2 _cREF _2CC |
||
| 999 |
_c1153892 _d1153892 |
||